000 00485nam a2200181Ia 4500
003 IN-BaIIA
008 211028s9999 xx 000 0 eng d
040 _cIIA Library
080 _a535.1
_bGRA
100 _aGrant, Yves L E
_96004
245 0 _aLight, color and vision
_cYves L. E. Grant
260 _aLondon
_bChapman and Hall
_c1968
300 _axiii, 564p.
650 _aAstronomy and Astrophysics Thesaurus
650 _aLight
_92428
650 _aOptics
942 _cBK
999 _c3386
_d3386